甘肃省城市 - Statistics

General Stats
  • This quiz has been taken 32 times
  • The average score is 11 of 14
Answers on the Grid
Answers color-coded by a green-red scale on the quiz's grid according to % correct below.
兰州
嘉峪关
金昌
白银
天水
武威
张掖
平凉
酒泉
庆阳
定西
陇南
临夏
甘南
固原
临沂
中卫
渭南
阿拉善
昌都
果洛
玉树
绵阳
甘孜
阿坝
克拉玛依
和田
大庆
 
Answer Stats
Answer % Correct
定西
87%
陇南
87%
天水
80%
张掖
80%
平凉
80%
甘南
80%
兰州
73%
嘉峪关
73%
金昌
73%
白银
73%
武威
73%
酒泉
73%
庆阳
73%
临夏
67%
No matching quizzes found
Score Distribution
Percent of People with Each Score
Percentile by Number Answered
Your Score History
You have not taken this quiz